[Event "?"]
[Site "masterchessopen.com - Polanica Zdroj (Poland)"]
[Round "0"]
[White "Zaitsev Alexander (RUS)"]
[Black "Nicevski Risto (MKD)"]
[Result "1-0"]
[WhiteElo "2383"]
[BlackElo "2410"]

1.d4 Nf6 2.c4 c5 3.d5 e6 4.Nc3 exd5 5.cxd5 d6 6.e4 g6 7.f4 Bg7 8.Nf3 O-O 9.Be2
Bg4 10.O-O Nbd7 11.a4 Rc8 12.h3 Bxf3 13.Bxf3 Ne8 14.Be3 Qa5 15.g4 c4 16.Qe2 a6
17.g5 Qc7 18.a5 Qd8 19.Ra4 Rc7 20.h4 h5 21.Bg2 Kh7 22.Bh3 Qe7 23.Rxc4 Bxc3
24.bxc3 Nc5 25.Bxc5 Rxc5 26.Rxc5 dxc5 27.e5 Qd8 28.d6 Qxa5 29.f5 Qxc3 30.fxg6+
fxg6 31.Rxf8 Qxh3 32.Qf3 {#r} 1-0

[Event "It"]
[Site "masterchessopen.com - Bad Meinberg (Germany)"]
[Round "0"]
[White "Rosenlund Thorbjorn (DEN)"]
[Black "Nikolaiczuk Lothar (GER)"]
[Result "1-0"]
[WhiteElo "2286"]
[BlackElo "2278"]

1.d4 Nf6 2.c4 c5 3.d5 e6 4.Nc3 exd5 5.cxd5 d6 6.e4 g6 7.f4 Bg7 8.Nf3 O-O 9.Be2
Bg4 10.e5 Bxf3 11.Bxf3 dxe5 12.fxe5 Nfd7 13.e6 Ne5 14.exf7+ Rxf7 15.O-O Nxf3+
16.Rxf3 Rxf3 17.Qxf3 Nd7 18.Qg4 Bd4+ 19.Kh1 Ne5 20.Qe6+ Kg7 21.Ne4 Qe8 22.Bg5
Qxe6 23.dxe6 Nc6 24.Rf1 Re8 25.e7 Nxe7 26.Nd6 Rf8 27.Bh6+ Kxh6 28.Rxf8 Bxb2
29.Rf7 Nd5 30.Rxb7 Nb6 31.Rxa7 {#r} 1-0

[Event "Ch Great Britain"]
[Site "masterchessopen.com - Morecambe (England)"]
[Round "2"]
[White "Whiteley Andrew J (ENG)"]
[Black "Pritchett Craig W (SCO)"]
[Result "0-1"]
[WhiteElo "2380"]
[BlackElo "2390"]

1.d4 Nf6 2.c4 e6 3.Nc3 c5 4.d5 exd5 5.cxd5 d6 6.e4 g6 7.f4 Bg7 8.Nf3 O-O 9.Be2
Bg4 10.O-O Nbd7 11.h3 Bxf3 12.Bxf3 a6 13.a4 Rb8 14.a5 Ne8 15.Qd3 Nc7 16.Be3 b5
17.axb6 Rxb6 18.Na4 Rb8 19.e5 dxe5 20.Nxc5 exf4 21.Nxd7 Qxd7 22.Bxf4 Rxb2
23.Qc4 Nb5 24.Rxa6 Nd4 25.Bg4 Qe7 26.Bf3 Qh4 27.Qc1 Re8 28.Ra3 Rc2 29.Re3
Nxf3+ 30.gxf3 Bd4 31.Qxc2 Qxf4 {#R} 0-1

[Event "Memorial J.Capablanca (a)"]
[Site "masterchessopen.com - Cienfuegos (Cuba)"]
[Round "9"]
[White "Peev Peicho (BUL)"]
[Black "Honfi Karoly (HUN)"]
[Result "1-0"]
[WhiteElo "2284"]
[BlackElo "2460"]

1.d4 Nf6 2.c4 c5 3.d5 e6 4.Nc3 exd5 5.cxd5 d6 6.e4 g6 7.f4 Bg7 8.Nf3 O-O 9.Be2
Bg4 10.O-O Nbd7 11.Nd2 Bxe2 12.Qxe2 Re8 13.Qf3 Qa5 14.a4 Qb4 15.Kh1 a6 16.a5
b5 17.axb6 Nxb6 18.g4 c4 19.g5 Nfd7 20.e5 dxe5 21.f5 e4 22.Ndxe4 Re5 23.Qg2 a5
24.fxg6 fxg6 25.Bf4 Rf5 26.Bd6 Rxf1+ 27.Rxf1 Qb3 28.Nf6+ Kh8 29.Qh3 Bxf6
30.gxf6 Qxb2 31.Qh6 Nxf6 32.Be5 Nd7 33.Rxf6 {#r} 1-0

[Event "It (open)"]
[Site "masterchessopen.com - Caorle (Italy)"]
[Round "5"]
[White "Timmermans Daniel (BEL)"]
[Black "Kovacevic Slobodan (SRB)"]
[Result "0-1"]
[WhiteElo "1948"]
[BlackElo "2321"]

1.d4 Nf6 2.c4 e6 3.Nc3 c5 4.d5 exd5 5.cxd5 g6 6.e4 d6 7.f4 Bg7 8.Nf3 O-O 9.Be2
a6 10.a4 Bg4 11.O-O Bxf3 12.Bxf3 Nbd7 13.h3 Qa5 14.Be3 c4 15.g4 Nc5 16.g5 Nfd7
17.Bd4 Bxd4+ 18.Qxd4 Nb3 19.Qxc4 Nxa1 20.Rxa1 Qb6+ 21.Kf1 Qxb2 22.Rb1 Qd2
23.Ne2 Rac8 24.Qb3 Nc5 25.Qb6 Qd3 26.Kg2 Nxa4 27.Qxb7 Rc2 28.Re1 Nc3 29.Kf2
Nxe4+ {#R} 0-1

[Event "Zt (cat.5)"]
[Site "masterchessopen.com - Hong Kong"]
[Round "0"]
[White "Mahmud Syarif (INA)"]
[Black "Li Zunian (CHN)"]
[Result "0-1"]
[WhiteElo "2315"]
[BlackElo "2378"]

1.d4 Nf6 2.c4 c5 3.d5 e6 4.Nc3 exd5 5.cxd5 d6 6.e4 g6 7.f4 Bg7 8.Nf3 O-O 9.Bd3
Re8 10.O-O a6 11.a4 Bg4 12.h3 Bxf3 13.Qxf3 Qc7 14.Be3 Nbd7 15.Kh1 Re7 16.Rfe1
Rae8 17.Qf2 Nh5 18.Nd1 c4 19.Rc1 Nc5 20.Bxc5 dxc5 21.Rxc4 Nxf4 22.Bb1 Bd4
23.Qf3 Nxd5 24.Rf1 Nb6 25.Rc1 Nxa4 26.Ne3 Bxe3 27.Qxe3 c4 28.b3 Qb6 29.Qxb6
Nxb6 30.bxc4 Rc8 31.c5 {#R} 0-1

[Event "corr."]
[Site "masterchessopen.com - BRD"]
[Round "0"]
[White "Bonnmann Reinhard (GER)"]
[Black "Spenk Willi (GER)"]
[Result "1-0"]
[WhiteElo "2259"]
[BlackElo "1747"]

1.d4 Nf6 2.c4 c5 3.d5 e6 4.Nc3 exd5 5.cxd5 d6 6.e4 g6 7.f4 Bg7 8.Nf3 O-O 9.Be2
b5 10.e5 dxe5 11.fxe5 Ng4 12.Bg5 Qb6 13.O-O c4+ 14.Kh1 Nf2+ 15.Rxf2 Qxf2
16.Ne4 Qb6 17.Be7 Re8 18.Nf6+ Bxf6 19.exf6 Nd7 20.d6 Qe3 21.Qd2 Qxd2 22.Nxd2
Rb8 23.Bf3 Ne5 24.Bd5 Bb7 25.Nf3 Nd7 26.Bxf7+ Kxf7 27.Ng5+ Kg8 28.f7+ Kg7
29.fxe8=Q Rxe8 30.Rd1 a5 31.Rd4 Rc8 32.Ne6+ Kf7 33.Nd8+ {#r} 1-0

[Event "Ch Cuba"]
[Site "masterchessopen.com - Habana (Cuba)"]
[Round "0"]
[White "Arencibia Walter (CUB)"]
[Black "Vera Reynaldo (CUB)"]
[Result "0-1"]
[WhiteElo "2335"]
[BlackElo "2460"]

1.d4 Nf6 2.c4 c5 3.d5 e6 4.Nc3 exd5 5.cxd5 d6 6.e4 g6 7.f4 Bg7 8.Nf3 O-O 9.Be2
Bg4 10.O-O Nbd7 11.h3 Bxf3 12.Bxf3 a6 13.Re1 Ne8 14.a4 Rb8 15.a5 b5 16.axb6
Rxb6 17.Re2 Nc7 18.Qe1 Re8 19.g4 Rb3 20.Kg2 c4 21.Be3 Nb5 22.Nxb5 axb5 23.Qf2
g5 24.Ra7 gxf4 25.Bxf4 Ne5 26.Bxe5 Bxe5 27.h4 Qf6 28.g5 Qf4 29.Bh5 Qh2+ 30.Kf1
Qh1+ {#R} 0-1

[Event "Ch New Zealand"]
[Site "masterchessopen.com - New Zealand"]
[Round "0"]
[White "Dive Russell John (NZL)"]
[Black "Smith Robert W (NZL)"]
[Result "0-1"]
[WhiteElo "2339"]
[BlackElo "2280"]

1.d4 Nf6 2.c4 e6 3.Nc3 c5 4.d5 exd5 5.cxd5 d6 6.e4 g6 7.f4 Bg7 8.Nf3 O-O 9.Be2
Nbd7 10.Qc2 a6 11.a4 Qc7 12.Nd2 Rb8 13.O-O c4 14.a5 b5 15.axb6 Nxb6 16.Kh1 Re8
17.Na4 Nbxd5 18.exd5 Rxe2 19.Qxc4 Qxc4 20.Nxc4 Nxd5 21.Nxd6 Bd7 22.Nc5 Bc6
23.Nde4 Nb4 24.Nf2 Bd4 {#R} 0-1

[Event "It (open)"]
[Site "masterchessopen.com - Berlin (Germany)"]
[Round "0"]
[White "Albrecht Rainer (GER)"]
[Black "Perenyi Bela (HUN)"]
[Result "0-1"]
[WhiteElo "2112"]
[BlackElo "2255"]

1.d4 Nf6 2.c4 c5 3.d5 e6 4.Nc3 exd5 5.cxd5 d6 6.e4 g6 7.f4 Bg7 8.Nf3 O-O 9.Be2
Nbd7 10.e5 dxe5 11.fxe5 Ng4 12.e6 fxe6 13.dxe6 Nde5 14.Qxd8 Rxd8 15.Nxe5 Nxe5
16.e7 Re8 17.Nd5 Bg4 18.Bg5 Bxe2 19.Kxe2 h6 20.Bf6 Nd7 21.Bxg7 Kxg7 22.Kd3
Rac8 23.Rae1 Rc6 24.Re2 Rd6 25.Kc4 b5+ 26.Kxb5 Rxd5 27.Kc6 Rd4 28.Rf1 c4
29.Re6 Rd2 30.g4 Nb8+ 31.Kc5 Rxb2 32.Kxc4 Rxa2 33.Rff6 Ra4+ {#R} 0-1

[Event "Ch France (team)"]
[Site "masterchessopen.com - France"]
[Round "0"]
[White "Boulard Eric (FRA)"]
[Black "Richard Alain (FRA)"]
[Result "1-0"]
[WhiteElo "2251"]
[BlackElo "1812"]

1.d4 Nf6 2.c4 c5 3.d5 e6 4.Nc3 exd5 5.cxd5 d6 6.e4 g6 7.f4 Bg7 8.Nf3 O-O 9.Be2
Bg4 10.O-O Nbd7 11.h3 Bxf3 12.Bxf3 a6 13.g4 h6 14.h4 Nh7 15.g5 c4 16.Be3 f6
17.h5 fxg5 18.hxg6 Nhf6 19.e5 Qe8 20.Rf2 dxe5 21.fxg5 hxg5 22.d6 Qxg6 23.Nd5
Rfe8 24.Rg2 Qd3 25.Bxg5 Kf8 26.Nxf6 Nxf6 27.Qxd3 cxd3 28.Bxf6 {#r} 1-0

[Event "Ch Sweden (corr.)"]
[Site "masterchessopen.com - Sweden"]
[Round "13"]
[White "Nilsson Roger (SWE)"]
[Black "Malmstrom Jan"]
[Result "0-1"]
[WhiteElo "1844"]
[BlackElo "2305"]

1.d4 Nf6 2.c4 c5 3.d5 e6 4.Nc3 exd5 5.cxd5 d6 6.e4 g6 7.f4 Bg7 8.Nf3 O-O 9.Be2
Bg4 10.O-O Nbd7 11.a4 Rc8 12.Be3 Re8 13.Ng5 Bxe2 14.Qxe2 h6 15.Nb5 Qb6 16.e5
dxe5 17.fxe5 Rxe5 18.Nf3 Rxd5 19.Nc3 Qe6 20.Nxd5 Nxd5 21.Kf2 Re8 22.Rfe1 Qf5
23.Qd2 Rxe3 24.Rxe3 Bd4 25.Re1 Nxe3 26.Rxe3 Ne5 27.Ke2 Bxe3 28.Qxe3 Qc2+
29.Nd2 Nc4 30.Qc3 Qxc3 31.bxc3 Nxd2 32.Kxd2 Kf8 33.Kd3 Ke7 {#R} 0-1

[Event "It (open) \"]
[Site "masterchessopen.com - Bratislava (Slovakia)"]
[Round "4"]
[White "Tobyas Miroslav (CZE)"]
[Black "Priehoda Vitezslav (CZE)"]
[Result "1-0"]
[WhiteElo "2288"]
[BlackElo "2388"]

1.d4 Nf6 2.c4 c5 3.d5 e6 4.Nc3 exd5 5.cxd5 d6 6.e4 g6 7.f4 Bg7 8.Nf3 O-O 9.Bd3
Bg4 10.O-O Nbd7 11.h3 Bxf3 12.Qxf3 a6 13.a4 Qc7 14.Kh1 c4 15.Bc2 Rab8 16.a5
Nc5 17.e5 dxe5 18.fxe5 Nfd7 19.d6 Qd8 20.Qd5 Rc8 21.Qxc4 Nxe5 22.Qd5 Rc6
23.Be3 Ne6 24.Rad1 Nc4 25.Bb6 Nxb6 26.axb6 Kh8 27.Bb3 Qxb6 28.Ne4 Rcc8 29.Rd3
Nd4 30.Ng5 f5 31.Qg8+ {#r} 1-0

[Event "It (open)"]
[Site "masterchessopen.com - Copenhagen (Denmark)"]
[Round "1"]
[White "Hansen Evgenia (DEN)"]
[Black "Stein Bernd (GER)"]
[Result "0-1"]
[WhiteElo "2145"]
[BlackElo "2340"]

1.d4 Nf6 2.c4 e6 3.Nc3 c5 4.d5 exd5 5.cxd5 d6 6.e4 g6 7.f4 Bg7 8.Nf3 O-O 9.Be2
b5 10.e5 dxe5 11.fxe5 Ng4 12.Bg5 Qb6 13.O-O Nd7 14.d6 c4+ 15.Kh1 Bb7 16.Nd4
Ngxe5 17.Be7 a6 18.Nf3 Ng4 19.Nd5 Qc5 20.Ng5 Nf2+ 21.Rxf2 Qxf2 22.Bf3 Qxb2
23.Rb1 Qe5 24.Bxf8 Bxf8 25.Ne7+ Bxe7 26.dxe7 Qxe7 27.Bxb7 Ra7 28.Bc8 Nb6
29.Qg4 h5 30.Qg3 Nxc8 31.Re1 Qd8 32.Ne4 Re7 33.Qg5 Qd4 34.Qh4 Kg7 {#R} 0-1

[Event "Ch World (for the Blind)"]
[Site "masterchessopen.com - Wunsiedel"]
[Date "1990.04.10"]
[Round "3"]
[White "Bischoff Dieter (GER)"]
[Black "Smirnov Sergei (RUS)"]
[Result "1-0"]
[WhiteElo "2114"]
[BlackElo "2326"]

1.d4 Nf6 2.c4 c5 3.d5 e6 4.Nc3 exd5 5.cxd5 d6 6.e4 g6 7.f4 Bg7 8.Nf3 O-O 9.Be2
Bg4 10.e5 Bxf3 11.Bxf3 dxe5 12.fxe5 Nfd7 13.e6 Ne5 14.O-O fxe6 15.Be3 Nxf3+
16.Rxf3 Rxf3 17.Qxf3 Bxc3 18.bxc3 Qxd5 19.Qf2 Nd7 20.Bh6 e5 21.Qe2 Re8 22.Rd1
Qe6 23.Qb5 Nb6 24.Qxc5 Rc8 25.Rf1 Qe8 26.Qd6 Nd7 27.Qd5+ Kh8 28.Rf7 {#r} 1-0

[Event "It \"]
[Site "masterchessopen.com - Gausdal (Norway)"]
[Round "0"]
[White "Yndesdal Kjell (NOR)"]
[Black "Barkhagen Jonas (SWE)"]
[Result "0-1"]
[WhiteElo "2159"]
[BlackElo "2360"]

1.d4 Nf6 2.c4 c5 3.d5 g6 4.Nc3 Bg7 5.e4 d6 6.f4 e6 7.Nf3 exd5 8.cxd5 O-O 9.Be2
Bg4 10.O-O Bxf3 11.Bxf3 Nbd7 12.a4 a6 13.Be3 Re8 14.Qd3 Qc7 15.Rae1 Rab8
16.Kh1 c4 17.Qd2 b5 18.axb5 axb5 19.e5 dxe5 20.d6 Qa5 21.Ra1 Qb4 22.Ba7 Rbd8
23.Bc6 exf4 24.Qxf4 Rf8 25.Nxb5 Nb8 26.Qf3 Nfd7 27.Qd5 Qxb2 28.Nd4 Nb6 29.Qb5
Bxd4 30.Rab1 Qxb5 31.Rxb5 Nxc6 32.Bxb6 Rxd6 33.Bc7 Re6 {#R} 0-1

[Event "Tournament"]
[Site "masterchessopen.com - Kemerovo (Russia)"]
[Round "0"]
[White "Nikitin Andrey (RUS)"]
[Black "Nevostrujev Vladimir (RUS)"]
[Result "0-1"]
[WhiteElo "2462"]
[BlackElo "2441"]

1.d4 Nf6 2.c4 c5 3.d5 e6 4.Nc3 exd5 5.cxd5 d6 6.e4 g6 7.f4 Bg7 8.Nf3 O-O 9.Be2
Nbd7 10.O-O Re8 11.Nd2 c4 12.Bxc4 Nc5 13.e5 Ng4 14.Nde4 Nxe4 15.Nxe4 dxe5
16.d6 exf4 17.Bxf7+ Kxf7 18.Qd5+ Kf8 19.Rxf4+ Bf5 20.Bd2 Qb6+ 21.Kh1 Qd4 {#R}
0-1

[Event "Ch URS (1/2 final)"]
[Site "masterchessopen.com - Voronezh (Russia)"]
[Round "0"]
[White "Zakharevich Igor (RUS)"]
[Black "Lobach Pavel V (RUS)"]
[Result "1-0"]
[WhiteElo "2447"]
[BlackElo "2309"]

1.d4 Nf6 2.c4 c5 3.d5 e6 4.Nc3 exd5 5.cxd5 d6 6.e4 g6 7.f4 Bg7 8.Nf3 O-O 9.Be2
Na6 10.O-O Nc7 11.a4 a6 12.Re1 Rb8 13.e5 dxe5 14.d6 Ne6 15.fxe5 Ng4 16.Bc4 b5
17.axb5 axb5 18.Bxe6 Bxe6 19.h3 Nh6 20.Bg5 Qc8 21.Be7 Re8 22.Nd5 Nf5 23.Nf6+
Bxf6 24.exf6 Nxe7 25.dxe7 h6 26.Qd2 Kh7 27.Re4 Qd7 28.Qxh6+ {#r} 1-0

[Event "It (open) \"]
[Site "masterchessopen.com - Cologne (Germany)"]
[Round "6"]
[White "Loos Stephan (GER)"]
[Black "Bade Hans-Juergen (GER)"]
[Result "1-0"]
[WhiteElo "2137"]
[BlackElo "2016"]

1.d4 Nf6 2.c4 e6 3.Nc3 c5 4.d5 exd5 5.cxd5 d6 6.e4 g6 7.f4 Bg7 8.Nf3 O-O 9.Be2
Na6 10.O-O Nc7 11.a4 Re8 12.e5 dxe5 13.d6 Ne6 14.fxe5 Ng4 15.Qd5 Nd4 16.Nxd4
cxd4 17.Bg5 Qxg5 18.Qxf7+ {#r} 1-0

[Event "It (open)"]
[Site "masterchessopen.com - Hamburg (Germany)"]
[Round "6"]
[White "Bach Matthias (GER)"]
[Black "Von Herman Ulf (GER)"]
[Result "0-1"]
[WhiteElo "2316"]
[BlackElo "2419"]

1.d4 Nf6 2.c4 c5 3.d5 e6 4.Nc3 exd5 5.cxd5 d6 6.e4 g6 7.f4 Bg7 8.Nf3 O-O 9.Be2
Bg4 10.O-O Nbd7 11.h3 Bxf3 12.Bxf3 a6 13.a4 c4 14.Be3 Qa5 15.Bd4 Rfe8 16.Re1
Nc5 17.e5 Nd3 18.b4 Qd8 19.Re3 Nd7 20.Ne4 dxe5 21.Nd6 Re7 22.Nxb7 exd4 23.Nxd8
Rxe3 24.Nc6 Rae8 25.Kh2 Re1 26.Qc2 Rxa1 27.Qxc4 Ne1 28.Bg4 Nb6 29.Qxa6 Nxd5
30.Bd7 Bh6 31.Bxe8 Bxf4+ 32.g3 Ra2+ 33.Kh1 Nf3 34.Ne7+ Kg7 {#R} 0-1

[Event "It (open)"]
[Site "masterchessopen.com - Haarlem (Netherlands)"]
[Round "4"]
[White "Vegh Endre (HUN)"]
[Black "Dambacher Martijn (NED)"]
[Result "1-0"]
[WhiteElo "2267"]
[BlackElo "2496"]

1.d4 c5 2.d5 Nf6 3.c4 e6 4.Nc3 exd5 5.cxd5 d6 6.e4 g6 7.f4 Bg7 8.Nf3 O-O 9.Be2
Bg4 10.O-O a6 11.e5 dxe5 12.fxe5 Nfd7 13.e6 fxe6 14.Ng5 Bxe2 15.Qxe2 e5 16.Be3
Rxf1+ 17.Rxf1 Nf6 18.Ne6 Qc8 19.Bxc5 Nbd7 20.Be7 Bh8 21.Bxf6 Bxf6 22.Ne4 {#r}
1-0

[Event "Ch France (open)"]
[Site "masterchessopen.com - Paris (France)"]
[Round "3"]
[White "Lamoureux Serge (FRA)"]
[Black "Daillet Emmanuel (FRA)"]
[Result "0-1"]
[WhiteElo "2060"]
[BlackElo "2244"]

1.d4 Nf6 2.c4 e6 3.Nc3 c5 4.d5 exd5 5.cxd5 d6 6.e4 g6 7.f4 Bg7 8.Nf3 O-O 9.Be2
b5 10.Bxb5 Nxe4 11.Nxe4 Qa5+ 12.Qd2 Qxb5 13.Nxd6 Qa6 14.Nxc8 Rxc8 15.a4 Nd7
16.Ra3 Re8+ 17.Kf2 Nf6 18.Qd1 Ne4+ 19.Kg1 c4 20.a5 c3 21.bxc3 Nxc3 22.Qf1 Qd6
23.Qd3 Qc5+ 24.Kf1 Nb5 25.Be3 Rxe3 {#R} 0-1

[Event "It (open)"]
[Site "masterchessopen.com - Winnipeg (Canada)"]
[Round "5"]
[White "Sasata Robert (CAN)"]
[Black "Profit Brian"]
[Result "0-1"]
[WhiteElo "2279"]
[BlackElo "2135"]

1.d4 Nf6 2.c4 c5 3.d5 e6 4.Nc3 exd5 5.cxd5 d6 6.e4 g6 7.f4 Bg7 8.Nf3 O-O 9.Be2
Bg4 10.O-O Nbd7 11.Nd2 Bxe2 12.Qxe2 Re8 13.Qf3 a6 14.a4 Qe7 15.Re1 Nb6 16.Rd1
Rad8 17.a5 Nc8 18.Ra4 Na7 19.Qd3 Qd7 20.Nf3 Nb5 21.Rc4 Nxc3 22.bxc3 Qb5 {#R}
0-1

[Event "Ch Netherlands (1/2 final)"]
[Site "masterchessopen.com - Enschede (Netherlands)"]
[Round "5"]
[White "Strating Sybolt (NED)"]
[Black "Lemmers Oscar (NED)"]
[Result "0-1"]
[WhiteElo "2310"]
[BlackElo "2355"]

1.d4 Nf6 2.c4 c5 3.d5 e6 4.Nc3 exd5 5.cxd5 d6 6.e4 g6 7.f4 Bg7 8.Nf3 O-O 9.Be2
Bg4 10.O-O Nbd7 11.Nd2 Bxe2 12.Qxe2 Re8 13.Qf3 a6 14.a4 b6 15.Nc4 Qc7 16.Re1
Rab8 17.e5 dxe5 18.fxe5 Nh5 19.d6 Qd8 20.Bf4 Nxf4 21.Qxf4 b5 22.axb5 axb5
23.e6 Rxe6 24.Nd5 Bd4+ 25.Kh1 bxc4 26.Ne7+ Kg7 27.Nc6 Rxe1+ 28.Rxe1 Qf6
29.Qxf6+ Kxf6 30.Nxb8 Nxb8 31.Re8 Nd7 32.Re7 Bxb2 {#R} 0-1

[Event "Bayern Landesliga North 1994/95"]
[Site "masterchessopen.com - Germany"]
[Round "0"]
[White "Meister Thomas"]
[Black "Rohrbach Frank (GER)"]
[Result "0-1"]
[WhiteElo "2010"]
[BlackElo "2206"]

1.d4 Nf6 2.c4 c5 3.d5 e6 4.Nc3 exd5 5.cxd5 d6 6.e4 g6 7.f4 Bg7 8.Nf3 O-O 9.Be2
Bg4 10.e5 Nfd7 11.O-O Bxf3 12.Bxf3 dxe5 13.fxe5 Nxe5 14.Bf4 Nbd7 15.d6 c4
16.Qd2 Nd3 17.Be3 N7e5 18.Ne4 f5 19.Nc5 Qxd6 20.Nxb7 Qd7 21.Na5 Rab8 22.Rab1
Rfe8 23.Kh1 Nxf3 24.Rxf3 Rxb2 25.Rxb2 c3 26.Qc2 cxb2 27.Nc4 Ne1 {#R} 0-1

[Event "It (open)"]
[Site "masterchessopen.com - Kassel (Germany)"]
[Round "5"]
[White "Gruettner Ralf (GER)"]
[Black "Kurth Michael (GER)"]
[Result "1-0"]
[WhiteElo "2085"]
[BlackElo "2004"]

1.d4 Nf6 2.c4 c5 3.d5 e6 4.Nc3 exd5 5.cxd5 d6 6.e4 g6 7.f4 Bg7 8.Nf3 O-O 9.Bd3
a6 10.a4 Qc7 11.O-O Nbd7 12.Kh1 Rb8 13.e5 dxe5 14.fxe5 Nxe5 15.Nxe5 Qxe5
16.Bf4 {#r} 1-0

[Event "Ch Switzerland (team)"]
[Site "masterchessopen.com - Switzerland"]
[Round "9"]
[White "Sutter Oliver (SUI)"]
[Black "Lurje Pawel (SUI)"]
[Result "1-0"]
[WhiteElo "2335"]
[BlackElo "2154"]

1.d4 Nf6 2.c4 g6 3.Nc3 Bg7 4.e4 d6 5.f4 c5 6.d5 e6 7.Nf3 exd5 8.cxd5 O-O 9.Be2
Bg4 10.O-O Re8 11.h3 Bxf3 12.Bxf3 Nbd7 13.a4 Qa5 14.g4 h6 15.h4 a6 16.g5 hxg5
17.hxg5 Nh7 18.Qc2 Ndf8 19.e5 dxe5 20.f5 gxf5 21.Qxf5 e4 22.Bh5 Re5 23.Qxf7+
Kh8 24.Qxb7 Qd8 25.Rf7 Rxg5+ 26.Bxg5 Qxg5+ 27.Kf1 Qxh5 28.Rxg7 Qh1+ 29.Rg1
Qf3+ 30.Ke1 Ng5 31.Rxg5 Qe3+ 32.Ne2 {#r} 1-0

[Event "It (open)"]
[Site "masterchessopen.com - Aegina (Greece)"]
[Round "5"]
[White "Banikas Hristos (GRE)"]
[Black "Pavlovic Milos (SRB)"]
[Result "1-0"]
[WhiteElo "2445"]
[BlackElo "2505"]

1.d4 Nf6 2.c4 c5 3.d5 e6 4.Nc3 exd5 5.cxd5 d6 6.e4 g6 7.f4 Bg7 8.Nf3 O-O 9.Be2
Bg4 10.O-O Nfd7 11.a4 Na6 12.Nd2 Bxe2 13.Qxe2 Nb4 14.Nc4 Nb6 15.Na3 Re8 16.Qf3
f5 17.exf5 gxf5 18.a5 Nd7 19.Qh3 Qxa5 20.Bd2 c4 21.Kh1 Nxd5 22.Qxf5 N7f6
23.Nab5 {#r} 1-0

[Event "Oberliga Northeast 1995/96"]
[Site "masterchessopen.com - Germany"]
[Round "0"]
[White "Kesik Klaus-Dieter (GER)"]
[Black "Von Herman Ulf (GER)"]
[Result "0-1"]
[WhiteElo "2228"]
[BlackElo "2390"]

1.d4 Nf6 2.c4 c5 3.d5 e6 4.Nc3 exd5 5.cxd5 d6 6.e4 g6 7.f4 Bg7 8.Nf3 O-O 9.Be2
Bg4 10.O-O Nbd7 11.h3 Bxf3 12.Bxf3 a6 13.a4 c4 14.Be3 Qa5 15.Qe2 Rac8 16.g4
Nb6 17.g5 Nfd7 18.Kg2 Nc5 19.e5 Nd3 20.e6 Bxc3 21.bxc3 Nxd5 22.Bg4 Rce8 23.Bd2
h5 24.gxh6 f5 25.Kh1 fxg4 26.f5 Rxf5 27.h7+ Kh8 28.hxg4 N5f4 29.Bxf4 Qd5+
30.Kg1 Rxf4 31.e7 Rxe7 {#R} 0-1

[Event "Ch Pfalz (open)"]
[Site "masterchessopen.com - Landau (Germany)"]
[Round "0"]
[White "Neurohr Juergen (GER)"]
[Black "Gnichtel Gerd (GER)"]
[Result "1-0"]
[WhiteElo "2079"]
[BlackElo "2147"]

1.d4 Nf6 2.c4 c5 3.d5 e6 4.Nc3 exd5 5.cxd5 d6 6.e4 g6 7.f4 Bg7 8.Nf3 O-O 9.Be2
Bg4 10.O-O Re8 11.h3 Bxf3 12.Bxf3 Na6 13.g4 h6 14.Bd2 c4 15.e5 dxe5 16.fxe5
Rxe5 17.Bf4 Re8 18.Qd2 g5 19.Bg3 Nc5 20.d6 Qd7 21.Qg2 Kh8 22.Nd5 Nfe4 23.Bxe4
Rxe4 24.Nf6 Bxf6 25.Rxf6 Kg7 26.Rf5 Qc6 27.Raf1 Ne6 28.Rxf7+ Kg8 29.Re7 Rd8
30.Rf6 {#r} 1-0

[Event "Staatsliga B South 1997/98"]
[Site "masterchessopen.com - Austria"]
[Round "4"]
[White "Beck Hartmuth (AUT)"]
[Black "Starc Christian (AUT)"]
[Result "1-0"]
[WhiteElo "2225"]
[BlackElo "2141"]

1.d4 Nf6 2.c4 e6 3.Nc3 c5 4.d5 exd5 5.cxd5 d6 6.e4 g6 7.f4 Bg7 8.Nf3 O-O 9.Be2
b5 10.e5 dxe5 11.fxe5 Ng4 12.Bg5 Qa5 13.O-O Nxe5 14.Nxe5 Bxe5 15.Be7 Re8 16.d6
Bd4+ 17.Kh1 Bb7 18.Bxb5 Nc6 19.Qb3 Qb4 20.Qxf7+ Kh8 21.Nd5 Qxb2 22.Bf6+ Bxf6
23.Nxf6 {#r} 1-0

[Event "It (open)"]
[Site "masterchessopen.com - Benasque (Spain)"]
[Round "7"]
[White "Buckley Graeme (ENG)"]
[Black "Martin Gonzalez Angel (ESP)"]
[Result "1-0"]
[WhiteElo "2380"]
[BlackElo "2420"]

1.d4 Nf6 2.c4 c5 3.d5 e6 4.Nc3 exd5 5.cxd5 d6 6.e4 g6 7.f4 Bg7 8.Nf3 O-O 9.Be2
a6 10.O-O Bg4 11.e5 Ne8 12.Ng5 Bf5 13.e6 fxe6 14.dxe6 Bxc3 15.bxc3 Qe7 16.Bd3
Nc6 17.g4 Bxd3 18.Qxd3 Nf6 19.Qg3 h6 20.Nf7 Kh7 21.Qh3 Rxf7 22.exf7 Qxf7 23.f5
h5 24.Qd3 Rg8 25.g5 c4 26.fxg6+ Rxg6 27.Qg3 {#r} 1-0

[Event "It (open)"]
[Site "masterchessopen.com - Bratislava (Slovakia)"]
[Round "3"]
[White "Borik Milan (SVK)"]
[Black "Vlcek Stanislav (SVK)"]
[Result "1-0"]
[WhiteElo "1897"]
[BlackElo "2130"]

1.d4 Nf6 2.c4 g6 3.Nc3 Bg7 4.e4 d6 5.f4 c5 6.d5 e6 7.Nf3 exd5 8.cxd5 O-O 9.Bd3
Re8 10.O-O a6 11.a4 Bg4 12.Qc2 Nbd7 13.h3 Bxf3 14.Rxf3 Qc7 15.b3 c4 16.bxc4
Nc5 17.Rb1 Rac8 18.Ba3 Nxd3 19.Qxd3 Nd7 20.Kh1 Nc5 21.Bxc5 Qxc5 22.e5 Qxc4
23.Ne4 Qa2 24.Nxd6 Rc3 25.Qxc3 Qxb1+ 26.Kh2 Re7 27.Qb3 Qc1 28.Qc3 Qd1 29.Qc8+
Bf8 30.Ne4 Qd4 31.d6 Rxe5 {#r} 1-0

[Event "It (a)"]
[Site "masterchessopen.com - Budapest (Hungary)"]
[Round "11"]
[White "Kahn Evarth Dr (HUN)"]
[Black "Stocek Jiri (CZE)"]
[Result "0-1"]
[WhiteElo "2270"]
[BlackElo "2470"]

1.d4 Nf6 2.c4 c5 3.d5 e6 4.Nc3 exd5 5.cxd5 d6 6.e4 g6 7.f4 Bg7 8.Nf3 O-O 9.Be2
Bg4 10.O-O Re8 11.h3 Bxf3 12.Bxf3 Nbd7 13.a4 a6 14.Kh1 b5 15.axb5 axb5 16.Rxa8
Qxa8 17.Nxb5 Nxe4 18.Bxe4 Rxe4 19.Qf3 Qxd5 20.Rd1 Qe6 21.Rxd6 Qe7 22.Bd2 Bxb2
23.Qb3 Bd4 24.Kh2 Nf6 25.Ra6 Be3 26.Ra7 Ng4+ 27.Kg3 Qf6 28.Ra8+ Kg7 29.Bc3
Bf2+ {#R} 0-1

[Event "It (open)"]
[Site "masterchessopen.com - Decin (Czech Republic)"]
[Round "2"]
[White "Siegmund Rainer (GER)"]
[Black "Al-Khateeb Ahmed (SYR)"]
[Result "0-1"]
[WhiteElo "2136"]
[BlackElo "2320"]

1.d4 Nf6 2.c4 g6 3.Nc3 Bg7 4.e4 d6 5.f4 c5 6.d5 e6 7.Nf3 exd5 8.cxd5 O-O 9.Be2
a6 10.a4 Re8 11.e5 dxe5 12.fxe5 Ng4 13.Bg5 Qa5 14.O-O Nxe5 15.d6 Be6 16.Nd5
Nbd7 17.Nc7 c4 18.Nxe5 Bxe5 19.Nxe8 Rxe8 20.Be7 Bxb2 21.Rb1 Qe5 22.Kh1 b5
23.Bf3 c3 24.axb5 axb5 25.Re1 Qc5 26.Qc2 Ba2 27.Rxb2 cxb2 28.Qxb2 Qxd6 29.Qxa2
Rxe7 30.Rd1 Qxd1+ {#R} 0-1

[Event "Ch France (team) 1996/97"]
[Site "masterchessopen.com - France"]
[Round "11"]
[White "Chapelle Emilie (FRA)"]
[Black "Armas Julius (FRA)"]
[Result "0-1"]
[WhiteElo "2012"]
[BlackElo "2310"]

1.d4 Nf6 2.c4 c5 3.d5 e6 4.Nc3 exd5 5.cxd5 d6 6.e4 g6 7.f4 Bg7 8.Nf3 O-O 9.Be2
Bg4 10.O-O Bxf3 11.Bxf3 a6 12.Re1 Nfd7 13.a4 Re8 14.Be3 Nb6 15.Qb3 Qc7 16.Rad1
N8d7 17.e5 Nc8 18.g4 dxe5 19.d6 Nxd6 20.Qd5 Re6 21.f5 gxf5 22.gxf5 Rf6 23.Bg5
Rxf5 24.Be7 Nf6 25.Qxd6 Qxd6 26.Rxd6 Rxf3 27.Rxe5 Ne8 {#R} 0-1